| 000 | 01412nam2a22002411 4500 | ||
|---|---|---|---|
| 001 | rc\4540417 | ||
| 005 | 20250611192559.0 | ||
| 021 |
_aRU _bРг4933-59 |
||
| 035 | _a(NLR Aleph) 008360180 | ||
| 090 |
_a8993318 _c8993318 |
||
| 100 | _a20130416d1959 |||y0rusy50 ca | ||
| 101 | 0 | _arus | |
| 102 | _aRU | ||
| 105 | _aa z ||||| | ||
| 200 | 1 | _a[По материалам IV заводской конференции] | |
| 210 |
_d1959 _aБ. м. |
||
| 215 |
_a46 с. _cил. |
||
| 461 | 0 |
_1001rc\4540416 _12001#$aСборник работ молодых и кадровых специалистов$e[Сб. 4]$fМособлсовнархоз. Коломен. ордена Ленина и ордена Труд. Красного Знамени тепловозостроит. завод им. В.В. Куйбышева$v[Сб. 4] _98993313 _aКоломенский тепловозостроительный завод им. В. В. Куйбышева _cКоломна _d1959 _fМособлсовнархоз. Коломен. ордена Ленина и ордена Труд. Красного Знамени тепловозостроит. завод им. В.В. Куйбышева _nБ. и. _o[Сб. 4] _tСборник работ молодых и кадровых специалистов _v[Сб. 4] |
|
| 801 | 0 |
_aRU _bNLR _gpsbo |
|
| 801 | 1 |
_aRU _bELAR _2rusmarc |
|
| 852 |
_aNLR _j59-8/1666 |
||
| 942 | _cBOOK | ||
| 980 | _aNB | ||